[Event "OLNN 1617 FC St. Pauli - SK Marmstorf"]
[Site "?"]
[Date "2016.12.04"]
[Round "3.5"]
[White "Mueller, Jan-Hendrik"]
[Black "Perez de Miguel, Alvaro"]
[Result "0-1"]
[WhiteElo "2077"]
[BlackElo "2254"]
[PlyCount "56"]
[EventDate "2016.??.??"]

1. c4 Nf6 2. g3 e5 3. Bg2 Nc6 4. Nc3 Bc5 5. a3 a6 6. e3 O-O 7. Nge2 d6 8. O-O
Ba7 9. d4 Bf5 10. h3 h6 11. b4 Re8 12. d5 Ne7 13. g4 Bd7 14. Ng3 Ng6 15. Nf5
Bxf5 16. gxf5 Nh4 17. Qc2 Nxg2 18. Kxg2 e4 19. Ne2 h5 20. Bb2 Nh7 21. Rg1 Qh4
22. Nf4 Ng5 23. Kf1 Re5 24. Bxe5 dxe5 25. Ne2 Qxh3+ 26. Ke1 Nf3+ 27. Kd1 Nxg1
28. Nxg1 Qf1+ 0-1

[Event "OLNN 1617 FC St. Pauli - SK Marmstorf"]
[Site "?"]
[Date "2016.12.04"]
[Round "3.6"]
[White "Mitscherling, Andreas"]
[Black "Hohlbein, Michael"]
[Result "0-1"]
[WhiteElo "2211"]
[BlackElo "2074"]
[PlyCount "64"]
[EventDate "2016.??.??"]

1. d4 Nf6 2. Bf4 d6 3. Nf3 g6 4. h3 Bg7 5. e3 O-O 6. Be2 Nfd7 7. Nc3 e5 8. dxe5
dxe5 9. Bh2 Nc6 10. O-O f5 11. Nd5 g5 12. Bc4 Kh8 13. b4 g4 14. hxg4 fxg4 15.
Nd2 Nf6 16. Nxf6 Qxf6 17. b5 Ne7 18. Rb1 Bf5 19. Bd3 Rad8 20. Qe2 Nd5 21. Rb3
Be6 22. Ne4 Qh6 23. Ra3 Nf4 24. exf4 exf4 25. Qd2 Bd5 26. Ra4 c5 27. Nxc5 Bxg2
28. Rxf4 Qh3 29. Rxf8+ Rxf8 30. Qg5 Bf3 31. Qxg7+ Kxg7 32. Ne6+ Kh6 0-1

[Event "OLNN 1617 FC St. Pauli - SK Marmstorf"]
[Site "?"]
[Date "2016.12.04"]
[Round "3.7"]
[White "Diekmann, Jens"]
[Black "Stenner, Patrick"]
[Result "1/2-1/2"]
[WhiteElo "2038"]
[BlackElo "2219"]
[PlyCount "90"]
[EventDate "2016.??.??"]

1. c4 c6 2. Nf3 d5 3. b3 Bf5 4. g3 h6 5. Bg2 Nf6 6. O-O e6 7. d3 Nbd7 8. Bb2
Bc5 9. e3 O-O 10. Qe2 Bh7 11. Rd1 Re8 12. Nc3 a6 13. Rac1 Ba7 14. Ne1 d4 15.
exd4 Bxd4 16. Ne4 e5 17. c5 Bxe4 18. dxe4 Qe7 19. Bxd4 exd4 20. Qc4 Nxe4 21.
Bxe4 Qxe4 22. Rxd4 Qe7 23. Nd3 Nf6 24. Nf4 Rad8 25. Rcd1 Rxd4 26. Qxd4 Qe5 27.
Qc4 Qf5 28. b4 Ng4 29. Qd3 Qxd3 30. Rxd3 g5 31. Nh3 Nf6 32. Kf1 Nd5 33. a3 Re4
34. Ng1 Rc4 35. Nf3 a5 36. bxa5 Rxc5 37. Rb3 Rc3 38. Rxc3 Nxc3 39. Nd2 Kf8 40.
Nb3 Na4 41. Ke2 Ke7 42. Kd3 Kd6 43. Kc4 Nb2+ 44. Kd4 g4 45. Nc5 Ke7 {(=)}
1/2-1/2

[Event "OLNN 1617 FC St. Pauli - SK Marmstorf"]
[Site "?"]
[Date "2016.12.04"]
[Round "3.8"]
[White "Pajeken, Wolfgang"]
[Black "Peschke, Matthias"]
[Result "1-0"]
[WhiteElo "2287"]
[BlackElo "1952"]
[PlyCount "113"]
[EventDate "2016.??.??"]

1. Nf3 Nf6 2. c4 g6 3. Nc3 Bg7 4. e4 d6 5. d4 c5 6. d5 O-O 7. Bd3 Bg4 8. h3
Bxf3 9. Qxf3 e6 10. O-O exd5 11. cxd5 a6 12. a4 Re8 13. Bf4 Qc7 14. Rfe1 Nbd7
15. Bf1 Rab8 16. Bh2 c4 17. Rac1 b5 18. axb5 axb5 19. b4 Rec8 20. Ra1 Ne8 21.
Ra5 Ne5 22. Bxe5 Bxe5 23. Nxb5 Qd7 24. Na7 Rc7 25. Nc6 Rxc6 26. dxc6 Qxc6 27.
b5 Rxb5 28. Rxb5 Qxb5 29. Rc1 d5 30. exd5 Nd6 31. Bxc4 Qb2 32. Qd1 Bd4 33. Rc2
Qb6 34. Bd3 Qa5 35. Qf3 Kg7 36. g3 h5 37. Kg2 Be5 38. Rc6 Qd2 39. Qe3 Qxe3 40.
fxe3 g5 41. g4 hxg4 42. hxg4 Kf6 43. Bf5 Ke7 44. Rc7+ Kd8 45. Ra7 Ke8 46. Kf3
Kd8 47. Ke2 Ke8 48. Kd3 Kf8 49. Kc2 Nb5 50. Ra8+ Ke7 51. Kb3 Nd6 52. Ra6 Bg3
53. Ra2 Kf6 54. Kb4 Nxf5 55. gxf5 Bd6+ 56. Kb5 Kxf5 57. Kc6 1-0

[Event "OLNN 1617 Hamburger SK - Lübecker SV"]
[Site "?"]
[Date "2016.12.04"]
[Round "3.1"]
[White "Kreuzholz, Michael"]
[Black "Uksini, Bardhyl"]
[Result "1-0"]
[WhiteElo "2342"]
[BlackElo "2330"]
[PlyCount "93"]
[EventDate "2016.??.??"]

1. e4 c5 2. Nf3 e6 3. d4 cxd4 4. Nxd4 Nc6 5. Nc3 Qc7 6. Be3 a6 7. Qf3 Nf6 8.
O-O-O Be7 9. Kb1 O-O 10. g4 Nxd4 11. Bxd4 b5 12. g5 Ne8 13. Bd3 Bb7 14. Qh3 e5
15. Be3 g6 16. Rhf1 b4 17. Nd5 Bxd5 18. exd5 Bd6 19. Rg1 Bc5 20. Bxc5 Qxc5 21.
Qxd7 Nd6 22. Rge1 Rfe8 23. Qc6 Rac8 24. Qxc5 Rxc5 25. Bxa6 Ra5 26. Bf1 e4 27.
f4 Rea8 28. a3 bxa3 29. b4 a2+ 30. Ka1 Ra3 31. c4 Nf5 32. d6 Re3 33. d7 Rxe1
34. Rxe1 Nd4 35. d8=Q+ Rxd8 36. Kxa2 Nc2 37. Rxe4 Nxb4+ 38. Kb3 Na6 39. Re5 Rd4
40. f5 gxf5 41. Rxf5 Rh4 42. h3 h6 43. c5 Nc7 44. Bc4 Rxh3+ 45. Kb4 hxg5 46.
Rxf7 Na6+ 47. Kb5 1-0

[Event "OLNN 1617 Hamburger SK - Lübecker SV"]
[Site "?"]
[Date "2016.12.04"]
[Round "3.2"]
[White "Bente, Bjoern"]
[Black "Kololli, Martin"]
[Result "1-0"]
[WhiteElo "2268"]
[BlackElo "2231"]
[PlyCount "75"]
[EventDate "2016.??.??"]

1. e4 e5 2. Nf3 Nc6 3. d4 exd4 4. Nxd4 Qf6 5. Nb5 Bc5 6. Qe2 Bb6 7. N1c3 Nge7
8. Be3 Ba5 9. O-O-O a6 10. Nd5 Nxd5 11. exd5 axb5 12. dxc6 bxc6 13. Bd4+ Qe7
14. Bxg7 Rg8 15. Bf6 Qxe2 16. Bxe2 d5 17. Bd3 Be6 18. Bxh7 Rxg2 19. Rhg1 Rxg1
20. Rxg1 Kd7 21. Rg8 Rxg8 22. Bxg8 Bb4 23. h4 Ke8 24. h5 Bf8 25. Bg5 f6 26.
Bxe6 fxg5 27. a3 Ke7 28. Bg4 Kd6 29. b3 Kc5 30. Bd7 Kb6 31. a4 bxa4 32. bxa4 c5
33. Be6 d4 34. Kb2 Kc6 35. Kb3 Kd6 36. a5 c6 37. Kc4 Kc7 38. Kd3 1-0

[Event "OLNN 1617 Hamburger SK - Lübecker SV"]
[Site "?"]
[Date "2016.12.04"]
[Round "3.3"]
[White "Riess, Alexander"]
[Black "Lindinger, Markus"]
[Result "0-1"]
[WhiteElo "2199"]
[BlackElo "2271"]
[PlyCount "140"]
[EventDate "2016.??.??"]

1. d4 d5 2. c4 dxc4 3. Nf3 Nf6 4. e3 e6 5. Bxc4 c5 6. Qe2 cxd4 7. exd4 Nc6 8.
O-O Be7 9. Rd1 O-O 10. a3 Nd5 11. Qe4 Bf6 12. Bd3 g6 13. Bh6 Bg7 14. Bxg7 Kxg7
15. Nc3 Nce7 16. Qe5+ f6 17. Qe1 Bd7 18. Ne4 b6 19. Ba6 Nc7 20. Bc4 Bc6 21.
Rac1 Qd7 22. h4 h5 23. Ba2 Rac8 24. Rc3 Ncd5 25. Rc2 Bb7 26. Rcd2 Nf5 27. Bb1
Nf4 28. g3 Nd5 29. Qe2 Nde7 30. Re1 Qd5 31. Qd1 Rfe8 32. b4 Qd7 33. Bd3 Bd5 34.
Ba6 Rc7 35. Rde2 Qc6 36. Bd3 Qb7 37. Qd2 Bc6 38. b5 Bd5 39. Qf4 Ng8 40. Kh2 Rf8
41. Ned2 Ngh6 42. Ne4 Nxd4 43. Nxd4 e5 44. Qd2 Ng4+ 45. Kg1 exd4 46. Nd6 Qb8
47. Re8 Rxe8 48. Rxe8 Rc1+ 49. Qxc1 Qxd6 50. Rc8 Bf7 51. Bc4 d3 52. Qf4 Ne5 53.
Bxf7 Kxf7 54. Rc6 Qd8 55. Rc1 Qd5 56. f3 Nxf3+ 57. Kf2 Ne5 58. a4 Qa2+ 59. Kg1
Qe2 60. Rf1 f5 61. Rf2 Qe1+ 62. Kg2 Ke6 63. Qg5 Qe4+ 64. Kg1 Nf3+ 65. Rxf3 Qxf3
66. Qxg6+ Ke5 67. Qg7+ Ke4 68. Qe7+ Kd4 69. Qd6+ Ke3 70. Qh6+ Ke2 0-1

[Event "OLNN 1617 Hamburger SK - Lübecker SV"]
[Site "?"]
[Date "2016.12.04"]
[Round "3.4"]
[White "Zieher, Hartmut"]
[Black "Schmidt, Harald"]
[Result "1/2-1/2"]
[WhiteElo "2269"]
[BlackElo "2350"]
[PlyCount "31"]
[EventDate "2016.??.??"]

1. e4 c6 2. d4 d5 3. e5 Bf5 4. Nf3 e6 5. Be2 c5 6. O-O Nc6 7. Be3 Bg4 8. c4
Nge7 9. Nc3 Bxf3 10. Bxf3 cxd4 11. cxd5 Nxd5 12. Nxd5 dxe3 13. Nxe3 Qxd1 14.
Bxc6+ bxc6 15. Rfxd1 Rd8 16. Rxd8+ 1/2-1/2

[Event "OLNN 1617 Hamburger SK - Lübecker SV"]
[Site "?"]
[Date "2016.12.04"]
[Round "3.5"]
[White "Christ, Ralf"]
[Black "Gaede, Derek"]
[Result "1-0"]
[WhiteElo "2259"]
[BlackElo "2252"]
[PlyCount "53"]
[EventDate "2016.??.??"]

1. e4 e6 2. d4 d5 3. exd5 exd5 4. c4 Nf6 5. Nc3 Bb4 6. Bd3 O-O 7. Nge2 dxc4 8.
Bxc4 c6 9. O-O Nbd7 10. Bg5 h6 11. Bf4 Nb6 12. Bb3 Nbd5 13. Be5 Bg4 14. Qd3 Re8
15. Nxd5 Nxd5 16. Bc2 g6 17. Ng3 Bd6 18. Rfe1 Nb4 19. Qc3 Nxc2 20. Qxc2 Qa5 21.
Qe4 Bxe5 22. dxe5 Be6 23. Qf4 Kg7 24. Ne4 Bd5 25. Nd6 Rf8 26. Re3 Qd2 27. Nf5+
1-0

[Event "OLNN 1617 Hamburger SK - Lübecker SV"]
[Site "?"]
[Date "2016.12.04"]
[Round "3.6"]
[White "Hinrichs, Lars"]
[Black "Lampe, Dirk"]
[Result "1/2-1/2"]
[WhiteElo "2172"]
[BlackElo "2251"]
[PlyCount "88"]
[EventDate "2016.??.??"]

1. e4 c5 2. Nf3 Nc6 3. Bb5 g6 4. Bxc6 bxc6 5. d3 Bg7 6. O-O Nh6 7. Re1 f6 8. e5
fxe5 9. Nxe5 O-O 10. Nc3 Qc7 11. Nf3 d6 12. h3 Rb8 13. a4 Nf7 14. Ra2 e5 15.
Ne4 Nd8 16. c3 Kh8 17. Be3 Bf5 18. Nfd2 Bc8 19. Nf1 Ne6 20. Nfg3 d5 21. Ng5 d4
22. Bc1 Nxg5 23. Bxg5 Qf7 24. b3 Qxb3 25. Qxb3 Rxb3 26. Ne4 Bf5 27. Nxc5 Rxc3
28. Rc1 Rxc1+ 29. Bxc1 Rb8 30. g4 Bc8 31. Kg2 Kg8 32. Kf3 Kf7 33. Ne4 Bd7 34.
Nc5 Ke8 35. Ke4 Bc8 36. f4 exf4 37. Kxf4 h5 38. Kg5 hxg4 39. hxg4 Bf8 40. Ne4
Be7+ 41. Kxg6 Bxg4 42. Nf6+ Bxf6 43. Kxf6 Rb4 44. Rc2 Kd7 1/2-1/2

[Event "OLNN 1617 Hamburger SK - Lübecker SV"]
[Site "?"]
[Date "2016.12.04"]
[Round "3.7"]
[White "Thannheiser, Thomas"]
[Black "Groetzbach, Julian"]
[Result "0-1"]
[WhiteElo "2239"]
[BlackElo "2213"]
[PlyCount "68"]
[EventDate "2016.??.??"]

1. c4 c6 2. e4 d5 3. exd5 cxd5 4. cxd5 Nf6 5. Nc3 Nxd5 6. d4 Nc6 7. Nf3 e6 8.
Bd3 Be7 9. O-O O-O 10. Re1 h6 11. a3 Qa5 12. Bd2 Rd8 13. Na4 Qc7 14. Rc1 Qb8
15. Bb1 Bf6 16. Rxc6 bxc6 17. Qc2 Bd7 18. Ne5 Be8 19. Ba5 Rc8 20. Bd2 a5 21.
Nc5 Ra7 22. Qh7+ Kf8 23. Ng6+ fxg6 24. Nxe6+ Ke7 25. Nxg7+ Kd6 26. Re6+ Kd7 27.
Rxe8 Rxe8 28. Nxe8+ Kd8 29. Qg8 Bxd4 30. Nf6+ Kc7 31. Nxd5+ Kb7 32. Qxb8+ Kxb8
33. Nc3 g5 34. h4 Rb7 0-1

[Event "OLNN 1617 Hamburger SK - Lübecker SV"]
[Site "?"]
[Date "2016.12.04"]
[Round "3.8"]
[White "Jantzen, Hans-Joerg"]
[Black "Krause, Ullrich"]
[Result "1/2-1/2"]
[WhiteElo "2164"]
[BlackElo "2211"]
[PlyCount "62"]
[EventDate "2016.??.??"]

1. Nf3 d5 2. c4 e6 3. b3 Nf6 4. Bb2 Be7 5. g3 O-O 6. Bg2 b6 7. O-O Bb7 8. e3
dxc4 9. bxc4 c5 10. Qe2 Nc6 11. Rd1 Qc7 12. Nc3 Rac8 13. Rac1 Qb8 14. d4 cxd4
15. exd4 Rfe8 16. Bh3 Bf8 17. Qf1 Rcd8 18. Bg2 e5 19. dxe5 Nxe5 20. Nd5 Nxf3+
21. Bxf3 Ne4 22. Qd3 Bxd5 23. cxd5 Nc5 24. Qf5 Qd6 25. h4 Qg6 26. Qxg6 hxg6 27.
Bd4 Bd6 28. Rc4 Re7 29. Kg2 Rde8 30. Be3 Rd8 31. Bd4 Rc7 1/2-1/2

[Event "OLNN 1617 SF Schwerin - Lübecker SV"]
[Site "?"]
[Date "2017.01.15"]
[Round "4.2"]
[White "de Jong, Migchiel"]
[Black "Kololli, Martin"]
[Result "1-0"]
[WhiteElo "2334"]
[BlackElo "2204"]
[PlyCount "129"]
[EventDate "2017.??.??"]

1. Nf3 f5 2. d3 Nf6 3. e4 e5 4. Nxe5 fxe4 5. dxe4 Qe7 6. Nf3 Qxe4+ 7. Be2 Bb4+
8. c3 Bc5 9. O-O O-O 10. b4 Bb6 11. c4 d6 12. Nc3 Qg6 13. c5 dxc5 14. Bc4+ Kh8
15. Ne5 Qf5 16. Nf7+ Rxf7 17. Qd8+ Ng8 18. Bxf7 Qxf7 19. Qxc8 c6 20. bxc5 Bxc5
21. Ne4 Qd7 22. Qxd7 Nxd7 23. Rb1 b6 24. Bb2 Ngf6 25. Bxf6 gxf6 26. Rfd1 f5 27.
Nxc5 Nxc5 28. Rd6 Re8 29. Rxc6 Re7 30. Rd1 Kg7 31. Kf1 Ne4 32. f3 Nc5 33. Rd5
h6 34. h4 f4 35. h5 Ne6 36. Re5 Kf6 37. Re4 Kf5 38. a4 Re8 39. a5 bxa5 40. Ra6
Re7 41. Rxa5+ Kf6 42. Ra6 Kf5 43. Ke1 Re8 44. Rxa7 Kf6 45. Ra6 Kf7 46. Kf2 Re7
47. Ra5 Kf6 48. Rae5 Re8 49. Kg1 Re7 50. Kh2 Re8 51. Re2 Re7 52. R2e4 Re8 53.
Ra5 Re7 54. Ree5 Rd7 55. Rf5+ Kg7 56. Ra6 Re7 57. Kh3 Ng5+ 58. Kg4 Re2 59. Ra7+
Kg8 60. Rxg5+ hxg5 61. Kf5 Rxg2 62. Kg6 Kf8 63. h6 g4 64. h7 gxf3+ 65. Kf6 1-0

[Event "OLNN 1617 SF Schwerin - Lübecker SV"]
[Site "?"]
[Date "2017.01.15"]
[Round "4.3"]
[White "Riess, Alexander"]
[Black "Reichmann, Hendrik"]
[Result "1-0"]
[WhiteElo "2173"]
[BlackElo "2354"]
[PlyCount "73"]
[EventDate "2017.??.??"]

1. d4 d6 2. Nf3 g6 3. c4 Bg7 4. Nc3 Nd7 5. e4 e5 6. Be2 Ngf6 7. O-O O-O 8. Be3
Ng4 9. Bg5 f6 10. Bd2 Nh6 11. dxe5 dxe5 12. Qc1 Nf7 13. Rd1 c6 14. Be3 Qe7 15.
c5 Re8 16. b4 Nf8 17. Bc4 Be6 18. Bb3 f5 19. exf5 gxf5 20. Qc2 Qf6 21. Rac1
Rad8 22. Ne2 Bxb3 23. axb3 f4 24. Bd2 e4 25. Bc3 Qe7 26. Rxd8 Qxd8 27. Rd1 Qc8
28. Nd2 e3 29. Nf3 exf2+ 30. Kxf2 Qe6 31. Bxg7 Qe3+ 32. Kf1 Kxg7 33. Ned4 Qe4
34. Qc3 Qg6 35. Ne6+ Kg8 36. Nxf4 Qe4 37. Re1 1-0

[Event "OLNN 1617 SF Schwerin - Lübecker SV"]
[Site "?"]
[Date "2017.01.15"]
[Round "4.4"]
[White "Schulz, Karsten"]
[Black "Schmidt, Harald"]
[Result "1/2-1/2"]
[WhiteElo "2323"]
[BlackElo "2354"]
[PlyCount "50"]
[EventDate "2017.??.??"]

1. d4 Nf6 2. Bf4 d5 3. e3 e6 4. Nf3 Be7 5. h3 O-O 6. Bd3 c5 7. c3 Nc6 8. O-O
Bd6 9. Bxd6 Qxd6 10. Nbd2 e5 11. dxc5 Qxc5 12. e4 h6 13. Qe2 Re8 14. Rfe1 Be6
15. exd5 Bxd5 16. Ne4 Nxe4 17. Bxe4 Rad8 18. Bxd5 Rxd5 19. Rad1 e4 20. b4 Qd6
21. Rxd5 Qxd5 22. Rd1 Qe6 23. Nd4 Nxd4 24. Rxd4 f5 25. Qd2 e3 {(=)} 1/2-1/2

[Event "OLNN 1617 SF Schwerin - Lübecker SV"]
[Site "?"]
[Date "2017.01.15"]
[Round "4.5"]
[White "Christ, Ralf"]
[Black "Wolf, Christoph"]
[Result "1/2-1/2"]
[WhiteElo "2270"]
[BlackElo "2173"]
[PlyCount "138"]
[EventDate "2017.??.??"]

1. Nf3 c5 2. c4 Nc6 3. d4 cxd4 4. Nxd4 Qb6 5. Nb3 Nf6 6. Nc3 d6 7. e4 Bg4 8.
Be2 Bxe2 9. Qxe2 g6 10. O-O Bg7 11. Bg5 O-O 12. Bxf6 exf6 13. Rad1 Ne7 14. Nd5
Nxd5 15. Rxd5 Rfe8 16. Qd3 Qa6 17. Rxd6 Qxa2 18. Rd7 Qxb2 19. Qd5 Rf8 20. Rxb7
Rad8 21. Qc6 Rc8 22. Qb5 Qc2 23. Na5 Qxe4 24. Rxa7 f5 25. Rd7 Bc3 26. c5 Bxa5
27. Qxa5 Qc6 28. Rfd1 Qxc5 29. Qxc5 Rxc5 30. g3 Ra8 31. R1d2 Ra4 32. R7d4 Rcc4
33. Rxc4 Rxc4 34. h4 f4 35. Kg2 Kg7 36. Rd7 fxg3 37. fxg3 Rc3 38. Ra7 Rd3 39.
Rb7 Kf6 40. Ra7 Ke6 41. Rb7 Rd7 42. Rb6+ Ke5 43. Rb5+ Ke4 44. h5 f5 45. hxg6
hxg6 46. Rb6 Rd2+ 47. Kh3 g5 48. Rb4+ Kf3 49. Rb3+ Ke4 50. Rb4+ Ke5 51. Rb5+
Ke4 52. Rb4+ Ke3 53. Rb5 f4 54. Rc5 Kf2 55. Rxg5 Rd3 56. Rf5 Rxg3+ 57. Kh2 f3
58. Ra5 Rg2+ 59. Kh1 Rg1+ 60. Kh2 Re1 61. Ra2+ Re2 62. Ra1 Rd2 63. Rb1 Rd6 64.
Rb2+ Ke3 65. Kg3 Rg6+ 66. Kh2 f2 67. Rb3+ Ke4 68. Rb4+ Kd3 69. Rb3+ Kd4 1/2-1/2

[Event "OLNN 1617 SF Schwerin - Lübecker SV"]
[Site "?"]
[Date "2017.01.15"]
[Round "4.6"]
[White "Grahl, Arvid"]
[Black "Lampe, Dirk"]
[Result "1-0"]
[WhiteElo "2195"]
[BlackElo "2239"]
[PlyCount "45"]
[EventDate "2017.??.??"]

1. d4 Nf6 2. c4 g6 3. Nc3 Bg7 4. e4 d6 5. f4 O-O 6. Nf3 c5 7. Be2 cxd4 8. Nxd4
Nc6 9. Be3 Nxd4 10. Bxd4 Be6 11. O-O Qa5 12. Kh1 Rfc8 13. b3 b5 14. Nxb5 Nxe4
15. Bxg7 Kxg7 16. Qd4+ Nf6 17. Bf3 d5 18. Nc3 Kg8 19. Qe5 Rc5 20. Na4 Nd7 21.
Qe1 Rac8 22. Nxc5 Qxc5 23. cxd5 1-0

[Event "OLNN 1617 SF Schwerin - Lübecker SV"]
[Site "?"]
[Date "2017.01.15"]
[Round "4.7"]
[White "Thannheiser, Thomas"]
[Black "Heinsohn, Wilfried"]
[Result "1/2-1/2"]
[WhiteElo "2228"]
[BlackElo "2163"]
[PlyCount "87"]
[EventDate "2017.??.??"]

1. e4 d6 2. d4 Nf6 3. Nc3 e5 4. Nf3 Nbd7 5. Be2 Be7 6. O-O O-O 7. Re1 c6 8. a4
a5 9. h3 Re8 10. Bf1 Qc7 11. g3 Nf8 12. Bg2 Rb8 13. Be3 b6 14. dxe5 dxe5 15.
Nxe5 Ne6 16. Nxc6 Qxc6 17. e5 Qc4 18. exf6 Bxf6 19. Bf1 Qb4 20. Nd5 Qxb2 21.
Rb1 Qa3 22. Rb3 Qf8 23. Nxf6+ gxf6 24. Qh5 Ng7 25. Qf3 Bf5 26. Bd3 Be6 27. Rb5
Bd7 28. Qxf6 Bxb5 29. axb5 Re6 30. Qh4 h5 31. Ra1 Qd8 32. Qf4 Rc8 33. Bd4 Qd6
34. Qh4 Qd5 35. Qf4 Rce8 36. Be3 Qd6 37. Qg5 Qb4 38. Bd2 Qd4 39. Ra3 Re5 40.
Qh6 Re1+ 41. Bf1 R8e6 42. Qf4 Qxf4 43. Bxf4 Nf5 44. Kg2 1/2-1/2

[Event "OLNN 1617 SF Schwerin - Lübecker SV"]
[Site "?"]
[Date "2017.01.15"]
[Round "4.8"]
[White "Rittemann, Steffen"]
[Black "Krause, Ullrich"]
[Result "1/2-1/2"]
[WhiteElo "2149"]
[BlackElo "2210"]
[PlyCount "52"]
[EventDate "2017.??.??"]

1. e4 d5 2. exd5 Qxd5 3. Nc3 Qd8 4. d4 Nf6 5. Bc4 Bg4 6. f3 Bh5 7. Nge2 e6 8.
O-O c6 9. Nf4 Bg6 10. Re1 Be7 11. Bxe6 fxe6 12. Nxe6 Qd7 13. Qe2 Kf7 14. Bg5
Bf5 15. Nxg7 Kxg7 16. Qxe7+ Qxe7 17. Rxe7+ Kg6 18. Bxf6 Kxf6 19. Rae1 h5 20.
Rxb7 Rd8 21. Ne4+ Bxe4 22. Rxe4 Rd7 23. Rb3 Na6 24. Rbe3 Nc7 25. Kf2 Rb8 26.
Rb3 a5 1/2-1/2

[Event "OLNN 1617 SK Marmstorf - Hamburger SK"]
[Site "?"]
[Date "2017.01.15"]
[Round "4.1"]
[White "Uksini, Bardhyl"]
[Black "Hebbinghaus, Holger"]
[Result "1/2-1/2"]
[WhiteElo "2327"]
[BlackElo "2251"]
[PlyCount "73"]
[EventDate "2017.??.??"]

1. d4 d6 2. Nf3 Bg4 3. e4 Nf6 4. Nc3 e6 5. Be3 c6 6. Bd3 Be7 7. h3 Bh5 8. Qe2
d5 9. exd5 Bxf3 10. Qxf3 cxd5 11. O-O Nc6 12. Ne2 O-O 13. c3 a6 14. Rac1 Rc8
15. Bf4 Bd6 16. Bg5 Be7 17. Qe3 Ne8 18. Bf4 Bd6 19. Rfd1 Bxf4 20. Nxf4 Nf6 21.
Bb1 Qd6 22. Nd3 Nd7 23. b3 Rc7 24. Nf4 Nf6 25. c4 dxc4 26. bxc4 Re8 27. Ne2 Rd7
28. Rd2 g6 29. a3 Kg7 30. Ba2 b5 31. Rcd1 bxc4 32. Bxc4 Na5 33. Ba2 Rc8 34. Ng3
Nc4 35. Bxc4 Rxc4 36. Qe5 Qxe5 37. dxe5 1/2-1/2

[Event "OLNN 1617 SK Marmstorf - Hamburger SK"]
[Site "?"]
[Date "2017.01.15"]
[Round "4.2"]
[White "Hawellek, Jeronimo"]
[Black "Bente, Bjoern"]
[Result "0-1"]
[WhiteElo "2330"]
[BlackElo "2294"]
[PlyCount "80"]
[EventDate "2017.??.??"]

1. d4 Nf6 2. c4 g6 3. Nc3 Bg7 4. g3 O-O 5. Bg2 d6 6. Nf3 c6 7. O-O Bf5 8. Nh4
Be6 9. d5 cxd5 10. cxd5 Bd7 11. Be3 Na6 12. a3 Ng4 13. Bd4 Bxd4 14. Qxd4 Nc5
15. Rad1 a5 16. b4 Nb3 17. Qc4 a4 18. Nxa4 Ne5 19. Qxb3 Bxa4 20. Qe3 Bxd1 21.
Rxd1 Qd7 22. h3 Rfc8 23. Kh2 Qa4 24. Ra1 Qc2 25. f4 Qb2 26. Rf1 Rxa3 27. Qb6
Qc3 28. Nf3 Nc4 29. Qxb7 Ne3 30. Rb1 Nxg2 31. Kxg2 Qc2 32. Rb2 Qxb2 33. Qxc8+
Kg7 34. Qc4 Rb3 35. Qd4+ Qxd4 36. Nxd4 Rxb4 37. e3 Rc4 38. Kf3 Rc5 39. e4 Rc3+
40. Kg2 Rd3 0-1

[Event "OLNN 1617 SK Marmstorf - Hamburger SK"]
[Site "?"]
[Date "2017.01.15"]
[Round "4.3"]
[White "Lindinger, Markus"]
[Black "Mueller, Tobias"]
[Result "0-1"]
[WhiteElo "2271"]
[BlackElo "2128"]
[PlyCount "70"]
[EventDate "2017.??.??"]

1. Nf3 c5 2. c4 g6 3. Nc3 Bg7 4. g3 Nc6 5. Bg2 e6 6. O-O Nge7 7. d3 O-O 8. Bd2
d6 9. Rb1 a5 10. Qc1 Nf5 11. Ne1 Rb8 12. Nc2 Bd7 13. a3 Nfd4 14. Nxd4 Nxd4 15.
b4 axb4 16. axb4 cxb4 17. Rxb4 Bc6 18. Re1 Bxg2 19. Kxg2 Qa5 20. Nb5 Nxb5 21.
Rxb5 Qa2 22. Bf4 Rfd8 23. Qb1 Qa3 24. Kg1 Rd7 25. c5 e5 26. c6 Rc7 27. Rxb7
Rcxb7 28. cxb7 exf4 29. Rc1 Qa6 30. Rc7 d5 31. Qc1 Rxb7 32. Rc8+ Bf8 33. Qc5
Re7 34. Rd8 Qe6 35. Qb5 f6 0-1

[Event "OLNN 1617 SK Marmstorf - Hamburger SK"]
[Site "?"]
[Date "2017.01.15"]
[Round "4.4"]
[White "Ramme, Christoph"]
[Black "Zieher, Hartmut"]
[Result "1-0"]
[WhiteElo "2146"]
[BlackElo "2282"]
[PlyCount "61"]
[EventDate "2017.??.??"]

1. e4 e5 2. Nf3 Nc6 3. Bb5 a6 4. Ba4 Nf6 5. O-O Be7 6. Re1 b5 7. Bb3 O-O 8. h3
d6 9. c3 Nb8 10. d4 Nbd7 11. Nbd2 Bb7 12. Bc2 Re8 13. Nf1 Bf8 14. Ng3 g6 15. a4
Bg7 16. Qd3 c6 17. b3 Qc7 18. Qd1 Rad8 19. Bg5 h6 20. Be3 d5 21. Qc1 Kh7 22.
Nxe5 Nxe5 23. dxe5 Nxe4 24. Nxe4 dxe4 25. Bxe4 Qxe5 26. Bb6 Qxc3 27. Bxd8 Rxd8
28. Qxc3 Bxc3 29. Rad1 Rc8 30. Re3 b4 31. Rd7 1-0

[Event "OLNN 1617 SK Marmstorf - Hamburger SK"]
[Site "?"]
[Date "2017.01.15"]
[Round "4.5"]
[White "Gaede, Derek"]
[Black "Mueller, Jan-Hendrik"]
[Result "0-1"]
[WhiteElo "2239"]
[BlackElo "2068"]
[PlyCount "73"]
[EventDate "2017.??.??"]

1. d4 e6 2. c4 Nf6 3. Nf3 Bb4+ 4. Nbd2 O-O 5. a3 Be7 6. e4 d5 7. e5 Nfd7 8. Bd3
c5 9. cxd5 exd5 10. O-O Nc6 11. Re1 a5 12. b3 cxd4 13. Qc2 h6 14. Bb2 Bc5 15.
Nf1 Re8 16. Ng3 Bb6 17. Bb5 Ndxe5 18. Nxe5 Rxe5 19. Bxc6 Rxe1+ 20. Rxe1 bxc6
21. Qxc6 Be6 22. Rd1 Rc8 23. Qb5 Rc2 24. Ba1 Ra2 25. h3 d3 26. Qxd3 Bxf2+ 27.
Kh1 Qg5 28. Ne2 Rxa3 29. Nc3 Qe3 30. Qc2 d4 31. Ne4 Qxb3 32. Qe2 d3 33. Qf3 Bh4
34. Nc5 Qd5 35. Qe3 Bg5 36. Qf2 Ra2 37. Qg1 0-1

[Event "OLNN 1617 SK Marmstorf - Hamburger SK"]
[Site "?"]
[Date "2017.01.15"]
[Round "4.6"]
[White "Hohlbein, Michael"]
[Black "Schumacher, Norbert"]
[Result "0-1"]
[WhiteElo "2087"]
[BlackElo "2165"]
[PlyCount "48"]
[EventDate "2017.??.??"]

1. e4 c5 2. Nf3 d6 3. d4 cxd4 4. Nxd4 Nf6 5. Nc3 a6 6. Bg5 e6 7. f4 h6 8. Bh4
Qb6 9. a3 Nbd7 10. Bf2 Qc7 11. Qf3 b5 12. O-O-O Bb7 13. g4 Nc5 14. Bg2 Nfxe4
15. Rhe1 Nxc3 16. Qxc3 Bxg2 17. Nxe6 fxe6 18. Bxc5 d5 19. Rxe6+ Kf7 20. Qd3
Qxf4+ 21. Be3 Qxg4 22. Re5 Be7 23. Rg1 Bf6 24. Rf5 Qe4 0-1

[Event "OLNN 1617 SK Marmstorf - Hamburger SK"]
[Site "?"]
[Date "2017.01.15"]
[Round "4.7"]
[White "Groetzbach, Daniel"]
[Black "Diekmann, Jens"]
[Result "1/2-1/2"]
[WhiteElo "2094"]
[BlackElo "2050"]
[PlyCount "81"]
[EventDate "2017.??.??"]

1. e4 c5 2. Nf3 Nc6 3. d4 cxd4 4. Nxd4 g6 5. c4 Bg7 6. Be3 Nf6 7. Nc3 Ng4 8.
Qxg4 Nxd4 9. Qd1 Ne6 10. Rc1 Qa5 11. Bd3 b6 12. O-O Bb7 13. f4 Nc5 14. Bb1 Rc8
15. a3 Ne6 16. f5 Nd8 17. Qd3 Nc6 18. Qe2 Bd4 19. Bxd4 Nxd4 20. Qf2 Qe5 21.
Rcd1 Nb3 22. fxg6 fxg6 23. Qf7+ Kd8 24. Nb5 Re8 25. Bc2 Na5 26. Nd4 Kc7 27. b4
Rf8 28. Nf3 Rxf7 29. Rxd7+ Kb8 30. Nxe5 Rxf1+ 31. Kxf1 Nxc4 32. Nxc4 Rxc4 33.
Bd3 Rc7 34. Rd8+ Rc8 35. Rd7 Rc7 36. Rd8+ Rc8 37. Rxc8+ Kxc8 38. Kf2 Kd7 39.
Ke3 e5 40. Bc4 Ke7 41. Bd5 1/2-1/2

[Event "OLNN 1617 SK Marmstorf - Hamburger SK"]
[Site "?"]
[Date "2017.01.15"]
[Round "4.8"]
[White "Peschke, Matthias"]
[Black "Baberz, Alexander"]
[Result "1-0"]
[WhiteElo "1957"]
[BlackElo "2093"]
[PlyCount "59"]
[EventDate "2017.??.??"]

1. c4 Nf6 2. g3 e6 3. Bg2 d5 4. Nf3 c5 5. e3 Nc6 6. b3 e5 7. cxd5 Nxd5 8. O-O
e4 9. Ne1 Qf6 10. Nc3 Nxc3 11. dxc3 Bf5 12. Qc2 Qg6 13. Qe2 h5 14. f3 h4 15. g4
Be6 16. h3 f5 17. fxe4 fxg4 18. Nd3 Qg5 19. Nf4 Bd7 20. Kh1 Bd6 21. Qc4 O-O-O
22. Qd5 Qh6 23. e5 Bxe5 24. Qxc5 Rhf8 25. Ba3 Bxf4 26. exf4 gxh3 27. Bd5 Rxf4
28. b4 Kb8 29. b5 Rc8 30. Qd6+ 1-0

[Event "OLNN 1617 Königsspringer - FC St. Pauli"]
[Site "?"]
[Date "2017.01.15"]
[Round "4.1"]
[White "Socko, Monika"]
[Black "Pfreundt, Jakob"]
[Result "1/2-1/2"]
[WhiteElo "2452"]
[BlackElo "2347"]
[PlyCount "52"]
[EventDate "2017.??.??"]

1. d4 d5 2. c4 e6 3. Nc3 Nf6 4. Nf3 Be7 5. Bf4 O-O 6. Rc1 Nbd7 7. cxd5 exd5 8.
e3 c6 9. Bd3 Re8 10. O-O Nf8 11. h3 Ng6 12. Bh2 Bd6 13. Bxd6 Qxd6 14. Qc2 Bd7
15. b4 Rac8 16. Qa4 Ne4 17. Bxe4 dxe4 18. Nd2 Nh4 19. Ne2 Qh6 20. Qc2 Nxg2 21.
Kxg2 Qxh3+ 22. Kg1 Re6 23. Nf4 Rg6+ 24. Nxg6 Qg4+ 25. Kh2 Qh3+ 26. Kg1 Qg4+
1/2-1/2